000 00330nam a2200145Ia 4500
008 210210b1880 xxu||||| |||| 00| 0 eng d
041 _aeng
082 _a825/1122
100 _aLOCKE
245 _aFowler
260 _aLondon
_bMacmillan & Co. Ltd.
_c1880
650 _aFowler
690 _aEnglish Criticism
906 _a015436
999 _c134796
_d134796